Date fondamentali della storia medievale - Statistics

Statistiche generali
  • Questo quiz è stato fatto 264 volte
  • Il punteggio medio è 14 su 25
Statistiche sulle risposte
Evento Data % Corretto
Caduta dell'Impero Romano d'Occidente 476
97%
Scoperta dell'America da parte di Cristoforo Colombo 1492
85%
Incoronazione di Carlo Magno a Imperatore 800
84%
Caduta di Costantinopoli 1453
72%
Conquista normanna dell'Inghilterra 1066
65%
Diffusione in Europa della Grande Peste (o Morte Nera) 1348
63%
Scisma d'oriente 1054
62%
Egira di Maometto 622
62%
Promulgazione della Magna Carta in Inghilterra 1215
60%
Bonifacio VIII bandisce il primo Anno Santo della Storia 1300
60%
Concilio di Clermont: inizio delle Crociate 1095
58%
Morte di Federico II di Svevia, lo "Stupor Mundi" 1250
51%
Concordato di Worms: fine della lotta per le investiture 1122
49%
Umiliazione di Canossa: Enrico IV chiede perdono al papa Gregorio VII 1077
46%
Battaglia di Legnano: i comuni italiani sconfiggono l'Impero 1176
46%
Pace di Lodi 1454
46%
Ottone I fonda il Sacro Romano Impero Germanico 962
46%
Assedio di Acri: fine delle Crociate 1291
44%
Invasione longobarda dell'Italia settentrionale 568
44%
Battaglia di Poitiers: Carlo Martello respinge l'invasione araba a sud dei Pirenei 732
44%
Sacco crociato di Costantinopoli 1204
43%
Fine della Guerra greco-gotica: riconquista bizantina dell'Italia 553
40%
Trattato di Verdun: divisione dell'Impero Carolingio tra i figli di Ludovico il Pio 843
40%
Battesimo di Clodoveo, primo sovrano germanico a riconoscere l'autorità papale 496
37%
Scisma d'Occidente tra la Chiesa romana e quella avignonese 1378
35%
Nessun quiz corrispondente trovato
Distribuzione punteggi
Percentuale di utenti per punteggio
Percentile per numero di risposta
I tuoi punteggi nel tempo
Non hai fatto questo quiz